LEADER 00872nam a2200241 i 4500 001 000000238199 003 CaOOAMICUS 005 20150121000000.0 008 150121s1963 it u000 u ita u 013 $a217104 040 $aSeMil$bita 245 12$aL'esperienza /$cStudentesca Gioventù. 260 $aMilano :$b[s.n.],$c1963. 300 $a9 p. ;$c19 cm. 500 $aFondo card. Giovanni Colombo. 650 4$aGS (Gioventù Studentesca) - Documenti.$0(OLS)http://semarc/subject/26599 710 0 $aGioventù Studentesca.$0(OLS)http://semarc/name/70677 850 $aSeMil 852 $aSeMil$W1$xVenegono$y1$m3GC VIII 212/31$j188545$B188545$CSeMilBibl$Z2$F206783 $8B 941 1 $a3 961 $aLascito: Colombo Card. Giovanni 996 $6245$aL'esperienza$9(OLS)http://semarc/title/339435 996 $6260$aMilano :$b[s.n.]$9(OLS)http://semarc/publisher/29709 LEADER 01171nam a2200241 i 4500 001 000000105534 003 CaOOAMICUS 005 20030318000000.0 008 030318s1991 it u000 u ita u 013 $a77728 040 $aSeMil$bita 245 10$aIntegralità dell'educazione e diritto allo spirituale :$bpersone handicappate mentali, quale catechesi? : convegno del 3-5 maggio 1990 in Milano. 260 $aRoma :$bNuove Frontiere,$c1991. 300 $a223 p. ;$c24 cm. 490 0 $aIniziative 500 $aIn testa al front. : Opera Don Guanella ; BICE Bureau International Catholique de l'enfance. 650 4$aDisabili mentali - Educazione religiosa.$0(OLS)http://semarc/subject/18338 830 0$aIniziative.$0(OLS)http://semarc/title/9909 850 $aSeMil 852 $aSeMil$W1$xVenegono$y1$m2C VI 37$j61713$B61713$CSeMilBibl$Z2$F74559 $81 961 $aOmaggio: Bagatin Luca 996 $6245$aIntegralità dell'educazione e diritto allo spirituale :$bpersone handicappate mentali, quale catechesi? : convegno del 3-5 maggio 1990 in Milano$9(OLS)http://semarc/title/152772 996 $6260$aRoma :$bNuove Frontiere$9(OLS)http://semarc/publisher/30278